Cargando...
The spirit of Indian philosophy /
| Autor Principal: | |
|---|---|
| Formato: | Printed Book |
| Idioma: | English |
| Publicado: |
New Delhi :
Arnold-Heinemann,
1974
|
| LEADER | 00552nam a22001577a 4500 | ||
|---|---|---|---|
| 003 | OSt | ||
| 005 | 20200624134457.0 | ||
| 008 | 150722b xxu||||| |||| 00| 0 eng d | ||
| 082 | |a 181.4 BAN/S | ||
| 100 | |a Banerjee, Nikunja Vihari | ||
| 245 | |a The spirit of Indian philosophy / |c Nikunja Vihari Banerjee | ||
| 260 | |a New Delhi : |b Arnold-Heinemann, |c 1974 | ||
| 300 | |a 380p. | ||
| 942 | |2 ddc |c BK | ||
| 999 | |c 320870 |d 320870 | ||
| 952 | |0 0 |1 0 |2 ddc |4 0 |6 181_400000000000000_BAN_S |7 0 |9 367277 |a CSC |b CSC |c ST1 |d 2015-07-22 |i 1847 |l 0 |o 181.4 BAN/S |p CSC1847 |r 2015-07-22 |w 2015-07-22 |y BK | ||